Η περιφερειακή διάσταση της ανεπάρκειας του επιπέδου διαβίωσης στη χώρα μας
Saved in:
| Main Author: | |
|---|---|
| Other Authors: | , |
| Format: | Book |
| Language: | Greek |
| Published: |
Αθήνα :
Κέντρο Προγραμματισμού και Οικονομικών Ερευνών,
1993
|
| Series: | Εργασίες για συζήτηση = Discussion papers ;
; 25 |
| Subjects: | |
| Tags: |
Add Tag
No Tags, Be the first to tag this record!
|
MARC
| LEADER | 00000cam a2200000 i 4500 | ||
|---|---|---|---|
| 001 | 1/7084 | ||
| 008 | 960723s1993 gre d | ||
| 035 | |l 10016580 | ||
| 040 | |a GR-MY-UA |b gre |e aacr | ||
| 041 | 0 | |a gre | |
| 082 | 0 | |a 339.4609495 | |
| 100 | 1 | |a Γκανά, Αναστασία Μ. | |
| 245 | 1 | 2 | |a Η περιφερειακή διάσταση της ανεπάρκειας του επιπέδου διαβίωσης στη χώρα μας / |c Α. Γκανά , Φ. Ζερβού , Α. Κώτση |
| 260 | |a Αθήνα : |b Κέντρο Προγραμματισμού και Οικονομικών Ερευνών, |c 1993 | ||
| 300 | |a 60 σ. |b πιν. | ||
| 490 | 1 | |a Εργασίες για συζήτηση |v ; 25 | |
| 504 | |a Βιβλιογραφία: σ. 59-60 | ||
| 650 | 0 | 0 | |a Poverty |z Greece. |
| 650 | 0 | 0 | |a Consumers |z Greece. |
| 700 | 1 | |a Ζερβού, Φανή Π. | |
| 700 | 1 | |a Κώτση, Αγάπη Κ. | |
| 830 | 0 | |a Εργασίες για συζήτηση = Discussion papers ; |v ; 25 | |
| 852 | |a INST |b LESVOS |e 19960723 |h 339.4609495 ΓΚΑ |p 005100009460 |q 005100009460 |t BK |y 0 | ||
| 909 | |a Λ |b 034951 | ||
| 970 | |z 2000/05/ΟΙΚΟΝΟΜΟΠΟΥΛΟΥ ΧΡΙΣΤΙΝΑ | ||